LIBRARY ONLINE CATALOGUE

How not to get burned! : (Record no. 4643)

MARC details
000 -LEADER
fixed length control field 00699cam a22002172 4500
001 - CONTROL NUMBER
control field 0000025232
005 - DATE AND TIME OF LATEST TRANSACTION
control field 20151217145954.0
008 - FIXED-LENGTH DATA ELEMENTS--GENERAL INFORMATION
fixed length control field 150325s xx 000 0 eng d
020 ## - INTERNATIONAL STANDARD BOOK NUMBER
International Standard Book Number 0966001206 :
040 ## - CATALOGING SOURCE
Original cataloging agency KABU
Transcribing agency KABU
100 1# - MAIN ENTRY--PERSONAL NAME
Personal name Priddy, Eugene.
-- 0000185713
245 10 - TITLE STATEMENT
Title How not to get burned! :
Remainder of title basic bible truth made clear /
Statement of responsibility, etc. by Eugene Priddy.
250 ## - EDITION STATEMENT
Edition statement 1st rev. ed.
260 ## - PUBLICATION, DISTRIBUTION, ETC. (IMPRINT)
Place of publication, distribution, etc. Odessa, USA :
Name of publisher, distributor, etc. Bible Basics International,
Date of publication, distribution, etc. 1997.
300 ## - PHYSICAL DESCRIPTION
Extent vi, 281 p.
650 #0 - SUBJECT ADDED ENTRY--TOPICAL TERM
Topical term or geographic name as entry element Bible
General subdivision Criticism, interpretation, etc.
-- 0000149025
650 #0 - SUBJECT ADDED ENTRY--TOPICAL TERM
Topical term or geographic name as entry element Christianity
General subdivision miscellanea.
-- 0000185714
908 ## - PUT COMMAND PARAMETER (RLIN)
Put command parameter 150325
950 ## - LOCAL HOLDINGS (RLIN)
-- 1
Holdings
Withdrawn status Lost status Source of classification or shelving scheme Not for loan Home library Current library Date acquired Total Checkouts Full call number Barcode Date last seen Date last checked out Price effective from Koha item type
    Library of Congress Classification   Kabarak, Main Campus Kabarak, Main Campus 17/12/2015 1 BS511.2 .P75 1997 c. 1 017638 02/08/2024 23/07/2016 17/12/2015 General Collection